| 000 | 00424nam a2200181Ia 4500 | ||
|---|---|---|---|
| 005 | 20250423094704.0 | ||
| 008 | 250422s9999 xx 000 0 und d | ||
| 020 | _a0721655505 | ||
| 050 | _aRC 280 .H4 C34/ | ||
| 245 | 0 | _aCancer of the head and neck | |
| 250 | _a3rd ed. | ||
| 260 | _aPhiladelphia | ||
| 260 | _bSaunders | ||
| 260 | _c1996 | ||
| 300 | _a964 p | ||
| 650 | _aHEAD - CANCER NECK - CANCER | ||
| 942 | _cBK | ||
| 999 |
_c27992 _d27992 |
||